Asia's premier icqc' 97 : (Record no. 347831)
[ view plain ]
| 000 -LEADER | |
|---|---|
| fixed length control field | 00762 a2200205 4500 |
| 003 - CONTROL NUMBER IDENTIFIER | |
| control field | OSt |
| 005 - DATE AND TIME OF LATEST TRANSACTION | |
| control field | 20180116182903.0 |
| 008 - FIXED-LENGTH DATA ELEMENTS--GENERAL INFORMATION | |
| fixed length control field | 160509b xxu||||| |||| 00| 0 eng d |
| 020 ## - INTERNATIONAL STANDARD BOOK NUMBER | |
| International Standard Book Number | 9698296069 (unknown binding) |
| 020 ## - INTERNATIONAL STANDARD BOOK NUMBER | |
| International Standard Book Number | 9789698296063 (unknown binding) |
| 040 ## - CATALOGING SOURCE | |
| Transcribing agency | 0 |
| 100 ## - MAIN ENTRY--PERSONAL NAME | |
| Personal name | Pakistan Institute of Quality Control. |
| 245 00 - TITLE STATEMENT | |
| Title | Asia's premier icqc' 97 : |
| Remainder of title | proceedings, pakistan's third international convention on quality control. |
| 260 ## - PUBLICATION, DISTRIBUTION, ETC. | |
| Place of publication, distribution, etc. | [S.l.] : |
| Name of publisher, distributor, etc. | Ibrahim Publishers, |
| Date of publication, distribution, etc. | 1997. |
| 300 ## - PHYSICAL DESCRIPTION | |
| Extent | 361 p. |
| 600 ## - SUBJECT ADDED ENTRY--PERSONAL NAME | |
| Personal name | Pakistan Institute of Quality Control. |
| 700 ## - ADDED ENTRY--PERSONAL NAME | |
| Personal name | Pakistan Institute of Quality Control. |
| 856 40 - ELECTRONIC LOCATION AND ACCESS | |
| Materials specified | Amazon.com |
| Uniform Resource Identifier | <a href="http://www.amazon.com/exec/obidos/ASIN/9698296069/chopaconline-20">http://www.amazon.com/exec/obidos/ASIN/9698296069/chopaconline-20</a> |
| 942 ## - ADDED ENTRY ELEMENTS (KOHA) | |
| Institution code [OBSOLETE] | NBS |
| Koha item type | Book |
| Call number prefix | 658.4013 ICQ |
| Source of classification or shelving scheme | |
No items available.
